[Event "103rd YMCA Winter A"]
[Site "Warszawa"]
[Date "2012.03.16"]
[Round "11"]
[White "Choroszej, Aleksander"]
[Black "Rutkowski, Piotr"]
[Result "1/2-1/2"]
[WhiteElo "2070"]
[BlackElo "2095"]
[Annotator "M"]
[PlyCount "49"]
[EventDate "2012.01.04"]
[EventType "tourn"]
[EventRounds "1"]
[EventCountry "POL"]
[SourceDate "2012.01.03"]

1. d4 Nf6 2. c4 g6 3. Nc3 Bg7 4. e4 d6 5. f4 O-O 6. Nf3 c5 7. d5 e6 8. Be2 exd5
9. cxd5 Re8 10. e5 dxe5 11. fxe5 Ng4 12. e6 fxe6 13. d6 Bd7 14. Ng5 Ne5 15. O-O
Bc6 16. Nge4 Nbd7 17. Bg5 Qb6 18. Qd2 Rf8 $11 19. Be7 Rxf1+ 20. Rxf1 h6 21.
Nf6+ Nxf6 22. Bxf6 c4+ 23. Kh1 Qc5 24. Bxg7 Kxg7 25. Qf4 $11 1/2-1/2

[Event "103rd YMCA Winter A"]
[Site "Warszawa"]
[Date "2012.02.16"]
[Round "11"]
[White "Adamski, Andrzej"]
[Black "Jarmula, Lukasz"]
[Result "1-0"]
[WhiteElo "2271"]
[BlackElo "2018"]
[Annotator "M"]
[PlyCount "85"]
[EventDate "2012.01.04"]
[EventType "tourn"]
[EventRounds "1"]
[EventCountry "POL"]
[SourceDate "2012.01.03"]

1. e4 e5 2. Nf3 Nc6 3. Bc4 Nf6 4. d3 Be7 5. c3 O-O 6. O-O d6 7. Nbd2 a6 8. Bb3
Kh8 9. Re1 Ne8 10. d4 f5 11. dxe5 dxe5 12. Nc4 Qxd1 13. Rxd1 Bd6 14. exf5 Bxf5
$11 15. Re1 e4 16. Ng5 Nf6 17. Nxd6 cxd6 18. Nf7+ Rxf7 19. Bxf7 Ne5 20. Bb3 Nd3
21. Re2 Bg4 22. Re3 Bf5 23. h3 h5 24. Re2 Nd7 25. Be3 N7e5 26. Bd5 Rb8 27. a4
Kh7 28. Rb1 Kg6 29. Rd1 Kf6 30. Ba7 Ra8 31. Be3 Rb8 32. Kf1 g5 33. a5 h4 34.
Ba7 Ra8 35. Bb6 Nf4 36. Bxb7 Rb8 37. Bxa6 Nxe2 38. Bxe2 Nd3 39. b4 Ke6 40. Bd4
Kd5 41. a6 Kc6 42. a7 Ra8 43. Ra1 1-0

[Event "103rd YMCA Winter A"]
[Site "Warszawa"]
[Date "2012.03.22"]
[Round "12"]
[White "Goslawski, Michal"]
[Black "Jarmula, Lukasz"]
[Result "0-1"]
[WhiteElo "2067"]
[BlackElo "2018"]
[PlyCount "134"]
[EventDate "2012.01.04"]
[EventType "tourn"]
[EventRounds "1"]
[EventCountry "POL"]
[SourceDate "2012.01.03"]

1. d4 Nf6 2. Nf3 g6 3. c4 d5 4. Nc3 Bg7 5. cxd5 Nxd5 6. e4 Nxc3 7. bxc3 c5 8.
Be3 Qa5 9. Qd2 Nc6 10. Rb1 a6 11. Rc1 Bg4 12. d5 Rd8 13. Qb2 Bxf3 14. gxf3 Nd4
15. Bg2 Nb5 16. Bd2 O-O 17. O-O c4 18. Rfd1 e6 19. Bg5 Rd7 20. dxe6 Rxd1+ 21.
Rxd1 fxe6 22. Rd7 Qxc3 23. Qxc3 Nxc3 24. Rxb7 Nb5 25. Bh3 Nd4 26. Be3 Nxf3+ 27.
Kf1 Re8 28. Kg2 Ne1+ 29. Kf1 Nc2 30. Ke2 c3 31. f4 Nxe3 32. Kxe3 e5 33. fxe5
Bxe5 34. Rb6 Re7 35. Be6+ Kg7 36. Bb3 Rc7 37. Bc2 Rd7 38. Rxa6 Rd2 39. Bb3 Bd4+
40. Kf3 c2 41. Rc6 Bc3 42. Bxc2 Rxc2 43. Rc7+ Kh6 44. e5 Rxh2 45. Ke4 Bxe5 46.
Kxe5 Rxa2 47. Kf4 Ra5 48. Kg4 Ra4+ 49. Kg3 g5 50. Rc6+ Kh5 51. Rc3 Rf4 52. Rc6
Rg4+ 53. Kf3 Ra4 54. Rc3 Kh4 55. Kg2 g4 56. Rc2 h5 57. Rb2 g3 58. Rb8 Ra2+ 59.
Kg1 Kh3 60. Rb1 h4 61. Kh1 Rf2 62. Kg1 Rf3 63. Rb2 Rc3 64. Rb1 g2 65. Ra1 Rf3
66. Rd1 Kg3 67. Rd3 h3 0-1

[Event "103rd YMCA Winter A"]
[Site "Warszawa"]
[Date "2012.01.18"]
[Round "12"]
[White "Zaczek, Jonathon"]
[Black "Adamski, Andrzej"]
[Result "1-0"]
[WhiteElo "2126"]
[BlackElo "2271"]
[PlyCount "111"]
[EventDate "2012.01.04"]
[EventType "tourn"]
[EventRounds "1"]
[EventCountry "POL"]
[SourceDate "2012.01.03"]

1. e4 d6 2. d4 g6 3. f4 Bg7 4. Nf3 a6 5. Bd3 c5 6. dxc5 dxc5 7. c3 Nf6 8. O-O
c4 9. Bc2 Qb6+ 10. Kh1 Ng4 11. Qe2 Qc5 12. h3 h5 13. e5 Be6 14. Nd4 Nc6 15.
Nxe6 fxe6 16. Bxg6+ Kd7 17. Bxh5 Rxh5 18. Qxg4 Rh7 19. Nd2 Qd5 20. Qf3 Rf8 21.
Qxd5+ exd5 22. Nf3 b5 23. a3 a5 24. Be3 e6 25. Kh2 Bh6 26. g3 Rhh8 27. Bc5 Ra8
28. Nd4 Nxd4 29. cxd4 Bf8 30. Bxf8 Rhxf8 31. g4 b4 32. f5 bxa3 33. Rxa3 Rfb8
34. Rf2 Rb3 35. fxe6+ Kxe6 36. Rf6+ Ke7 37. Rxb3 cxb3 38. Rb6 a4 39. Rb4 Rc8
40. Rxa4 Rc4 41. Ra7+ Ke6 42. Ra6+ Ke7 43. Rb6 Rxd4 44. Rxb3 Ke6 45. Kg3 Kxe5
46. Re3+ Kf6 47. h4 Rd1 48. Kf4 Rd4+ 49. Kf3 Rb4 50. b3 d4 51. Re4 Rxb3+ 52.
Kf4 d3 53. Rd4 Ra3 54. h5 Ke6 55. Ke4 Ra1 56. Rxd3 1-0

[Event "103rd YMCA Winter A"]
[Site "Warszawa"]
[Date "2012.03.23"]
[Round "12"]
[White "Rutkowski, Piotr"]
[Black "Gasik, Piotr"]
[Result "0-1"]
[WhiteElo "2095"]
[BlackElo "2127"]
[PlyCount "58"]
[EventDate "2012.01.04"]
[EventType "tourn"]
[EventRounds "1"]
[EventCountry "POL"]
[SourceDate "2012.01.03"]

1. e4 Nf6 2. e5 Nd5 3. d4 d6 4. c4 Nb6 5. f4 dxe5 6. fxe5 Nc6 7. Be3 Bf5 8. Nc3
e6 9. Nf3 Qd7 10. c5 Nd5 11. Nxd5 Qxd5 12. Be2 O-O-O 13. O-O h6 14. Qd2 Qe4 15.
Qc3 g5 16. Rad1 Be7 17. Ne1 g4 18. Rf4 Qd5 19. Bc4 Qd7 20. Rxf5 exf5 21. d5 f4
22. Bd4 Nxd4 23. Qxd4 Kb8 24. c6 bxc6 25. Rd3 cxd5 26. Ba6 Ka8 27. Rb3 Rb8 28.
e6 fxe6 29. Qxh8 Bc5+ 0-1

[Event "103rd YMCA Winter A"]
[Site "Warszawa"]
[Date "2012.03.29"]
[Round "12"]
[White "Kielar, Maciej"]
[Black "Nowicki, Bartosz"]
[Result "1/2-1/2"]
[WhiteElo "2084"]
[BlackElo "2127"]
[PlyCount "102"]
[EventDate "2012.01.04"]
[EventType "tourn"]
[EventRounds "1"]
[EventCountry "POL"]
[SourceDate "2012.01.03"]

1. e4 c5 2. Nf3 d6 3. d4 cxd4 4. Nxd4 Nf6 5. Nc3 a6 6. Bg5 e6 7. Qd2 Be7 8. Bd3
Nbd7 9. h3 Qc7 10. O-O O-O 11. Rae1 b5 12. a4 b4 13. Nd1 Rb8 14. Nb3 Nc5 15.
Nxc5 Qxc5 16. Be3 Qa5 17. b3 Bb7 18. Bd4 Rbc8 19. Qe3 Nd7 20. Qg3 g6 21. Ne3 e5
22. Nf5 Rfe8 23. Be3 d5 24. Bg5 f6 25. Bh6 dxe4 26. Rxe4 Bxe4 27. Bxe4 Nf8 28.
Rd1 Rcd8 29. Bd3 Ne6 30. Nh4 e4 31. Nxg6 exd3 32. Nxe7+ Kh8 33. Qf3 Qe5 34. Nc6
Nd4 35. Nxd4 Rxd4 36. Rxd3 Rxd3 37. Qxd3 Qe1+ 38. Kh2 Qxf2 39. Qxa6 Rg8 40. Qc6
Qg3+ 41. Kh1 Qe1+ 42. Kh2 Qe5+ 43. Kg1 Rd8 44. Qf3 Kg8 45. Bf4 Qc5+ 46. Be3 Qe5
47. Qg4+ Kh8 48. Qf4 Rc8 49. Qxe5 fxe5 50. Bd2 Rxc2 51. Bxb4 Rb2 1/2-1/2

[Event "103rd YMCA Winter A"]
[Site "Warszawa"]
[Date "2012.03.27"]
[Round "13"]
[White "Jarmula, Pawel"]
[Black "Goslawski, Michal"]
[Result "0-1"]
[WhiteElo "2219"]
[BlackElo "2067"]
[PlyCount "116"]
[EventDate "2012.01.04"]
[EventType "tourn"]
[EventRounds "1"]
[EventCountry "POL"]
[SourceDate "2012.01.03"]

1. e4 c5 2. Nf3 d6 3. d4 cxd4 4. Nxd4 Nf6 5. Nc3 Nc6 6. Bg5 Bd7 7. Qd2 Rc8 8.
O-O-O Nxd4 9. Qxd4 Qa5 10. Bxf6 gxf6 11. f4 Rg8 12. Kb1 f5 13. e5 e6 14. Qd2
Qb6 15. Ne2 Ba4 16. Nc3 Bc6 17. exd6 Rd8 18. Bc4 Rxd6 19. Qe1 Rxd1+ 20. Nxd1
Qb4 21. Ne3 Be4 22. Rf1 Qxe1+ 23. Rxe1 Bb4 24. Re2 Bc5 25. g3 h5 26. Ng2 Ke7
27. Kc1 Bxg2 28. Rxg2 Be3+ 29. Kd1 Bxf4 30. Rf2 Be5 31. c3 h4 32. gxh4 Rh8 33.
Bf1 Rxh4 34. h3 Rh6 35. Rd2 Bf4 36. Rd4 e5 37. Ra4 Rd6+ 38. Ke1 Rb6 39. b3 a6
40. Bg2 e4 41. Kf2 Be5 42. Rc4 Kf6 43. h4 Rd6 44. Ke2 b5 45. Rc5 Rd3 46. c4
bxc4 47. Rxc4 Bf4 48. Rc6+ Rd6 49. Rc2 Ke5 50. Bh3 Rd5 51. h5 Bg5 52. Rc6 f4
53. h6 f3+ 54. Kf2 Kf4 55. h7 Rd1 56. Bf1 e3+ 57. Kg1 e2 58. Rc4+ Kg3 0-1

[Event "103rd YMCA Winter A"]
[Site "Warszawa"]
[Date "2012.03.09"]
[Round "13"]
[White "Nowicki, Bartosz"]
[Black "Kaczorowski, Piotr"]
[Result "1-0"]
[WhiteElo "2127"]
[BlackElo "2104"]
[PlyCount "67"]
[EventDate "2012.01.04"]
[EventType "tourn"]
[EventRounds "1"]
[EventCountry "POL"]
[SourceDate "2012.01.03"]

1. e4 e6 2. d4 d5 3. Nc3 dxe4 4. Nxe4 Nd7 5. Bd3 Ngf6 6. Qe2 Nxe4 7. Bxe4 Nf6
8. Bxb7 Rb8 9. Bxc8 Qxc8 10. Nf3 Bd6 11. O-O O-O 12. b3 a5 13. Bg5 a4 14. Ne5
Bxe5 15. dxe5 Nd5 16. c4 Nb4 17. Qg4 Kh8 18. bxa4 c5 19. Rae1 Nc2 20. Rb1 Nd4
21. Be7 Re8 22. Rxb8 Qxb8 23. Bxc5 Nf5 24. Qe4 Rc8 25. Ba3 Rd8 26. Rc1 Rd4 27.
Qc2 Qd8 28. Bb4 Qg5 29. Rd1 Nh4 30. g3 Nf3+ 31. Kg2 Nh4+ 32. Kf1 Nf3 33. Rxd4
Nxd4 34. Qe4 1-0

[Event "103rd YMCA Winter A"]
[Site "Warszawa"]
[Date "2012.03.21"]
[Round "13"]
[White "Liberadzki, Slawomir"]
[Black "Kielar, Maciej"]
[Result "1/2-1/2"]
[WhiteElo "2100"]
[BlackElo "2084"]
[Annotator "M"]
[PlyCount "33"]
[EventDate "2012.01.04"]
[EventType "tourn"]
[EventRounds "1"]
[EventCountry "POL"]
[SourceDate "2012.01.03"]

1. c4 g6 2. Nc3 Bg7 3. g3 e5 4. Bg2 d6 5. e3 f5 6. Nge2 e4 7. d3 exd3 8. Qxd3
Nd7 9. O-O Ne5 10. Qc2 Nf6 11. b3 O-O 12. Bb2 c6 13. Rad1 Qc7 14. Nd4 Bd7 15.
Ba3 Nf7 16. Rd2 Rad8 17. Rfd1 $11 1/2-1/2

[Event "103rd YMCA Winter A"]
[Site "Warszawa"]
[Date "2012.02.02"]
[Round "13"]
[White "Gasik, Piotr"]
[Black "Zysko, Jan"]
[Result "1/2-1/2"]
[WhiteElo "2127"]
[BlackElo "2184"]
[Annotator "M"]
[PlyCount "198"]
[EventDate "2012.01.04"]
[EventType "tourn"]
[EventRounds "1"]
[EventCountry "POL"]
[SourceDate "2012.01.03"]

1. e4 c5 2. c3 Nf6 3. e5 Nd5 4. d4 cxd4 5. Nf3 Nc6 6. cxd4 d6 7. Bc4 e6 8. O-O
Be7 9. a3 O-O 10. Qc2 Bd7 11. Bd3 h6 12. Nc3 Nxc3 13. exd6 Bxd6 14. bxc3 e5 15.
Re1 exd4 16. Nxd4 Nxd4 17. cxd4 Bc6 18. Be3 Rc8 19. Qe2 Qh4 20. g3 Qh3 21. f3
Rfe8 22. Qg2 Qxg2+ 23. Kxg2 Bd5 24. Bd2 Rxe1 25. Bxe1 Kf8 26. Be4 Bxe4 27. fxe4
Rc4 28. e5 Bc7 29. Rb1 Rxd4 30. Rxb7 Bb6 31. Rb8+ Ke7 32. Bb4+ Ke6 33. Re8+ Kf5
34. Re7 Kg6 35. e6 fxe6 36. Rxe6+ Kf5 $11 37. Re7 Kf6 38. Rb7 Rc4 39. Be7+ Kf5
40. Bf8 Rc2+ 41. Kh3 h5 42. Bxg7 Bg1 43. Rb2 Rc4 44. Bf8 Bb6 45. Bd6 Kg6 46.
Bf4 Ra4 47. Rb3 Bd8 48. Bd6 Rc4 49. Rd3 Bf6 50. Bb4 Rc6 51. Rd7 a6 52. Rd5 Re6
53. Rd6 Rxd6 54. Bxd6 Kf5 55. Kg2 Ke4 56. Kf2 Bg5 57. Ke2 Bh6 58. Be7 Bg7 59.
Kf2 Be5 60. Kg2 Bd4 61. Kh3 Kf5 62. Kh4 Kg6 63. g4 Bf2+ 64. Kh3 Be1 65. Bd6 Kg5
66. Be7+ Kg6 67. Bc5 Bc3 68. Bd6 Be1 69. gxh5+ Kxh5 70. Kg2 Kg4 71. h3+ Kf5 72.
Kf3 Bh4 73. Ke3 Bf6 74. Kd3 Ke6 75. Bb8 Be7 76. a4 Kd5 77. Ba7 Bg5 78. Be3 Bf6
79. Bf2 Be7 80. Bb6 Bg5 81. a5 Bh4 82. Ke3 Kc4 83. Ke4 Kb5 84. Kd5 Be7 85. Ke6
Bh4 86. Kd7 Be1 87. Bd8 Bf2 88. Ke6 Kc6 89. Kf5 Kd5 90. Bc7 Be1 91. Kg4 Ke6 92.
Kf3 Kd5 93. Ke2 Bh4 94. Bb6 Ke4 95. Bf2 Bd8 96. Be1 Bg5 97. Bb4 Bh4 98. Bc5 Bd8
99. Bb6 Bg5 1/2-1/2